[Event "SaitekSparc_Risc2500norm"]
[Site "Zürich"]
[Date "2019.03.09"]
[Round "20"]
[White "Saitek Risc 2500 normal"]
[Black "Saitek Sparc"]
[Result "1-0"]
[WhiteElo "2247"]
[BlackElo "2254"]
[Annotator "KUT"]
[PlyCount "88"]
[EventDate "2019.??.??"]

1. e4 e5 {Vergleichsmatch 120'/40 der Spiel-Stile von Saitek Risc 2500 gegen
Saitek Sparc | 20. Partie | Vergleich Endstand nach 20 Partien: Risc 2500
normal = 9,0:11,0 Niederlage (+8 -10 =2) oder 45% / Risc 2500 akt = 10,5:9,5
Sieg (+8 -7 =5) oder 52,5%. | In dieser letzten Vergleichspartie kommt der
Saitek Sparc furchtbar unter die Räder. Auslöser war ein im 19. Zug
verpasster Tausch der Damen, bzw. ein ungünstiger Rückzug der schwarzen Dame
nach h6 mit unmittelbar anschliessend zwei Fehlern. Die Figuren des Saitek
Sparc standen hernach derart ungünstig in der Landschaft herum, dass der
Risc2500normal am Königsflügel eine überwältigende Stellung aufbauen
konnte. Die weissen Drohungen führten dann zu entscheidendem Materialgewinn.}
2. Nf3 Nc6 3. Bb5 Nd4 4. Nxd4 exd4 5. O-O Bc5 6. d3 c6 7. Ba4 {***ENDE BUCH***}
d6 {***ENDE BUCH***} 8. c3 Nf6 9. b4 Bb6 10. b5 (10. Bb2 dxc3 11. Nxc3 O-O 12.
Ne2 d5 13. e5 Ng4 14. h3 Nxf2 15. Rxf2 Bxf2+ 16. Kxf2 a5 17. bxa5 Qxa5 18. Bb3
Qb6+ 19. Kf1 Bf5 20. Qd2 Rfe8 21. g4 Be6 22. d4 h5 23. Nf4 hxg4 24. Nxe6 Rxe6
25. hxg4 Rg6 26. Qf4 Qc7 27. Kg2 Qd7 28. Kg3 Rh6 29. Rf1 Qe7 30. Kg2 Rh4 31.
Qf3 Qe6 32. Kg3 Rh6 33. Bc1 Rh7 34. a4 b6 35. Bg5 Qe8 36. Bc2 g6 37. Rh1 Rg7
38. Rh6 f5 39. exf6 Qe1+ 40. Kg2 Rf8 41. Bxg6 Rxg6 42. Rxg6+ Kf7 43. Rg7+ Ke8 {
1-0 (43) Saitek Risc 2500 aktiv (2247)-Saitek Sparc (2254) Zürich 2019}) 10...
Bd7 11. bxc6 bxc6 12. Qc2 O-O 13. Bb2 dxc3 14. Nxc3 Ng4 15. Rad1 Qg5 16. Nd5 {
Macht sich die Fesslung des schwarzen Ld7 zunutze. Eine andere gute
Fortsetzung ist 16.d4, was die Wirkung des schwarzen Läufers b6 mindert.} Rfc8
17. Nxb6 axb6 {Das Zwischenmanöver ...Df4, g3 Dh6, h4 axb6 hätte die weisse
Königsstellung geschwächt.} 18. h3 Nf6 {+= Weiss steht eine Spur besser:
Läuferpaar und leichteres Zusammenspiel seiner Figuren.} 19. f4 Qh6 {?!
Vernünftiger war es, mit ...Dc5+ den Tausch der Damen anzustreben.} 20. Bb3
Re8 {? Eine wichtige Ungenauigkeit anstelle von ...b5 oder ...c5. Nun kommt
Schwarz, bzw. könnte Schwarz, in unüberwindliche Schwierigkeiten geraten.}
21. Qf2 {! Nimmt das wichtige Feld e3 unter Kontrolle und greift mit
Tempogewinn den b6-Bauer an.} b5 {? Den Bauern hätte Schwarz bereits hergeben
müssen. Aber diesen Fehler bemerkt der Risc2500normal noch nicht.} 22. Qb6 {
?! Bewahrt noch immer Vorteil. Aber 22.f5! war bereits ein Gewinnzug, da
Schwarz dem weissen Angriff nicht wird widerstehen können. Unter anderem
steht die schwarze Dame ganz dumm und droht durch Manöver wie Lc1, Te1 und
Ld1 erobert zu werden. Schwarz wird um entscheidenden Materialverlust nicht
herumkommen.} Nh5 23. f5 Qg5 {? +- Die einzige Verteidigung bestand in ...c5,
was die weisse Dame vom Spiel am Königsflügel ausschliesst. Nach dem
fehlerhaften Textzug ist Schwarz verloren.} 24. Rf3 {Droht g4 gefolgt von Lc1.}
Nf4 {? Zwar mit Mattdrohung auf g2, aber macht die Sache nur noch schlimmer.}
25. Qf2 Nh5 26. g4 {Es droht Lc1 nebst gxh5 und falls 26...Sf6 27.Lc1 mit
Gewinn der Dame.} Nf6 27. h4 Nxg4 28. hxg5 Nxf2 29. Kxf2 {Weiss hat einen
Läufer gegen einen Bauer bei noch immer übermächtiger Stellung und ohne die
geringsten Gegenchancen von Schwarz.} Ra7 30. Rh3 {! Will nach Tdh1 auch noch
auf der h-Linie einbrechen. Die schwarze Lage ist verzweifelt.} Bxf5 31. exf5
Rae7 32. Bc3 Re2+ 33. Kf1 R2e3 34. Rxe3 Rxe3 35. Kf2 Re8 36. Rc1 Kf8 37. f6 g6
38. Ba5 Rc8 39. Bd5 c5 40. Re1 Kg8 41. Re7 Rf8 42. Bc7 h6 43. Bxd6 hxg5 44. Ra7
Rd8 {Schwarz gibt auf} 1-0

[Event "SaitekSparc_Risc2500off"]
[Site "Zürich"]
[Date "2019.03.10"]
[Round "1"]
[White "Saitek Sparc"]
[Black "Saitek Risc 2500 offensiv"]
[Result "1/2-1/2"]
[WhiteElo "2254"]
[BlackElo "2247"]
[Annotator "KUT"]
[PlyCount "126"]
[EventDate "2019.??.??"]

1. e4 c5 {Vergleichsmatch 120'/40 der Spiel-Stile von Risc 2500 gegen Saitek
Sparc | 1. Partie | offensiv=Remis, normal=Niederlage, aktiv=Remis | Der zu
aggressive Bauervorstoss 19...f5 des Risc2500off fällt deutlich zugunsten des
Gegners aus. Nach dem 42. Zug steht ein gewonnenes Damenendspiel mit zwei
weissen Mehrbauern des Saitek Sparc auf dem Brett. Aber wie so oft, führen
unsere Oldies solche tricky Endspiele nicht zum Sieg. Sehenswert: nach einigem
Auf- und Ab kann der Risc2500off mit einer gegen zwei Damen des Gegners ein
Remis durch Dauerschach erzielen.} 2. Nf3 Nc6 3. d4 cxd4 4. Nxd4 g6 5. c4 Bg7
6. Be3 Nf6 7. Nc3 Ng4 8. Qxg4 Nxd4 9. Qd1 Ne6 10. Rc1 b6 11. Bd3 Bb7 12. O-O
O-O 13. b4 Nd4 14. Bb1 Nc6 15. a3 d6 {***ENDE BUCH***} 16. Qd3 {***ENDE BUCH***
} Ne5 {Abweichung} (16... a5 17. Nd5 Ne5 18. Qb3 Nd7 19. Rfd1 axb4 20. axb4 Bc6
21. Bc2 e6 22. Nc3 Qc7 23. Nb5 Bxb5 24. cxb5 Rfc8 25. Bb1 Qb7 26. Rxc8+ Rxc8
27. Rxd6 Ne5 28. Qd1 Qc7 29. h3 Nc4 30. Rc6 Qb7 31. Rxc8+ Qxc8 32. Qc2 Bf6 33.
Ba2 Nd6 34. Qc6 Qb8 35. g3 Bg7 36. Kg2 Bf6 37. Kh2 Be7 38. Bxb6 Nxe4 39. Be3
Nd6 40. b6 Qd8 41. Bf4 g5 42. Be5 Kf8 43. b7 Qb8 44. Qc2 Ke8 45. Qxh7 Qxb7 46.
Bxe6 Qf3 47. Qh8+ Bf8 48. Bd5 Qxd5 49. Bg7 Qd2 50. Qxf8+ Kd7 51. Qa8 Qxf2+ 52.
Qg2 Qe3 53. Bf6 Ne4 54. Bb2 f5 55. Be5 Ke6 56. Bc7 Qc3 57. Bb6 Qxb4 58. Qa2+
Kf6 {½-½ (58) Saitek Sparc (2254)-Saitek Risc 2500 aktiv (2247) Zürich 2019}
) 17. Qe2 Qd7 (17... Rc8 18. Ba2 Qd7 19. f3 f5 20. c5+ Nf7 21. Bc4 bxc5 22. Qa2
Bxc3 23. Be6 Qb5 24. Bxc8 Qd3 25. Bxb7 Qxe3+ 26. Kh1 cxb4 27. axb4 Bxb4 28. Rc7
Qb6 29. Rxe7 d5 30. Rb1 Bxe7 31. Rxb6 axb6 32. exf5 gxf5 33. Bxd5 Bc5 34. Be6
f4 35. h4 Kg7 36. Qb2+ Kg6 37. Ba2 Nd6 38. Bb1+ Kf7 39. Qe5 Rd8 40. Qxf4+ Ke7
41. Qg5+ Kd7 42. Bxh7 Re8 43. Bd3 Kc6 44. g4 b5 45. Qc1 b4 46. h5 Re3 47. Qc2
Kd5 48. h6 Bd4 49. h7 Re1+ 50. Kg2 Rg1+ 51. Kh2 Ra1 52. Be4+ Ke6 53. Bc6 Bc3
54. Qe2+ Kf7 55. Bd5+ Kg6 56. Qe7 Bg7 57. Qxd6+ Kxh7 {1-0 (57) Saitek Sparc 
(2254)-Saitek Risc 2500 normal (2247) Zürich 2019}) 18. h3 Rac8 19. Ba2 f5 {
?! Schwächt nur die eigene Stellung.} 20. f4 Nf7 21. exf5 gxf5 22. Rfd1 Rfe8
23. c5 bxc5 24. bxc5 e6 25. Nb5 Bd5 26. Nxd6 Nxd6 27. cxd6 Rxc1 28. Rxc1 {
?! Ungenau, denn nach 28.Lxc1 hätte Schwarz den Bauernverlust nicht vermeiden
können.} Qxd6 29. Qd3 Rd8 30. Bxd5 exd5 {? Richtig war 30...Dxd5, während
nach dem unverständlichen Textzug ein schwarzer Bauer sein Leben einbüssen
wird.} 31. Qxf5 d4 32. Bd2 d3 33. Rc8 Bd4+ 34. Kh1 Rxc8 35. Qxc8+ Kg7 36. Qb7+
Kh8 37. Qe4 Bf6 38. Qa8+ Qd8 39. Qxa7 {Weiss besitzt nun zwei Bauern mehr. Die
Verwertung dieses Vorteils braucht Geduld, weil die Damen noch auf dem Brett
sind und Weiss sich vor Dauerschachs hüten muss.} Qd5 40. a4 Qb3 41. Kh2 Bc3
42. Bxc3+ Qxc3 {Es ist ein reines Damen-/Bauernendspiel entstanden.} 43. a5 {
? Und schon greift der Saitek Sparc fehl. Mit 43.De3 wäre der Gewinn zu
erzwingen gewesen.} d2 {? Verständlich und es sieht so aus, als ob dieser
kurz vor der Umwandlung stehende schwarze Freibauer dem Schwarzen den
Ausgleich sichert. Doch so einfach ist es nicht. Nach 43...Db4! ist es
fraglich, ob Weiss noch gewinnen kann.} 44. Qe7 Kg8 45. Qd8+ Kg7 46. a6 Qe3 47.
Qg5+ {? Verdirbt seine Gewinnstellung, die mit a) 47.Dd7+ oder auch b) 47.Dc7+
zu realisieren war.} Kf7 48. Qf5+ Ke8 {? Stolpert erneut in den Verlust, was
mit 48...Ke7 vermieden werden konnte.} 49. Qh5+ {? Nun ist es Weiss, der den
mit 49.Db5+ möglichen Gewinn zum Remis verpatzt.} Kd8 50. Qg5+ Kc7 51. Qa5+
Kd6 52. Qb4+ Kc7 53. Qa4 Kb8 54. Qb5+ Kc7 55. Qb7+ Kd6 56. Qb8+ Kd7 57. a7 {
Unglaublich, denkt man im ersten Moment, denn nachdem sich Schwarz durch 57...
d1D eine Dame holt, darf Weiss ihm das nicht gleichtun durch 58.a8D wegen 58...
D1g1 Matt.} d1=Q 58. Qb5+ {Zum grossen Glück und wohl auch zufälligerweise
hat Weiss trotz der zwei schwarzen Damen gerade noch Dauerschach.} Ke7 59. Qg5+
Kf7 60. Qf5+ Kg7 61. Qg5+ Kf7 62. Qf5+ Kg7 63. Qg5+ Kf7 {3-fache
Zugwiederholung} 1/2-1/2

[Event "SaitekSparc_Risc2500off"]
[Site "Zürich"]
[Date "2019.03.11"]
[Round "2"]
[White "Saitek Risc 2500 offensiv"]
[Black "Saitek Sparc"]
[Result "1/2-1/2"]
[WhiteElo "2247"]
[BlackElo "2254"]
[Annotator "KUT"]
[PlyCount "88"]
[EventDate "2019.??.??"]

1. d4 Nf6 {Vergleichsmatch 120'/40 der Spiel-Stile des Saitek Risc 2500 gegen
den Saitek Sparc | 2. Partie | offensiv=Remis, normal=Remis, aktiv=Sieg |
Zwischenstand nach 2. Partien: offensiv=1 Pkt. (50%), normal=0,5 Pkt. (25%),
aktiv=1,5 Pkt. (75%) | Mit einem gerechten Remis endet diese Partie, welche
sich mehr oder weniger dauernd im Gleichgewicht befindet. Keines der beiden
Programme lässt sich auf Experimente ein und ein netter Schluss führt zum
Dauerschach.} 2. c4 e6 3. Nc3 Bb4 4. Qc2 c5 5. dxc5 Na6 6. a3 Bxc3+ 7. Qxc3
Nxc5 8. b4 Nce4 9. Qd4 d5 10. c5 h6 11. f3 Ng5 {***ENDE BUCH***} 12. Bf4 {
***ENDE BUCH***} Bd7 13. Bd6 Bb5 14. e3 Bxf1 15. Kxf1 Rc8 16. Ne2 Qd7 17. Qd3 {
ABWEICHUNG: Stil aktiv spielte hier 17.Kf2 und gewann.} (17. Kf2 h5 18. Rhd1 h4
19. a4 Qd8 20. Qb2 b6 21. a5 bxc5 22. bxc5 h3 23. g4 Qd7 24. Rac1 Rh6 25. Nd4
Nfe4+ 26. fxe4 Nxe4+ 27. Ke2 Rg6 28. Rg1 Rf6 29. Bg3 Nxc5 30. Nb5 Ne4 31. Bf4
Rxf4 32. Rxc8+ Qxc8 33. exf4 Qb8 34. Ke3 a6 35. Rb1 axb5 36. Qxb5+ Qxb5 37.
Rxb5 Nd6 38. Rb8+ Kd7 39. a6 Nc8 40. Rb7+ Ke8 {1-0 (40) Saitek Risc 2500 aktiv
(2247)-Saitek Sparc (2254) Zürich 2019}) 17... Ng8 18. h4 Nh7 19. e4 dxe4 20.
fxe4 Ne7 21. Rd1 O-O 22. Kf2 {ABWEICHUNG: Stil normal zog 22.Kg1 und
remisierte.} (22. Kg1 Rfd8 23. Nc3 Ng6 24. Qg3 Qc6 25. h5 Ngf8 26. a4 Ng5 27.
b5 Qe8 28. e5 Nd7 29. Qe3 f6 30. exf6 Nxf6 31. Qe2 Nf7 32. Rh3 Rd7 33. a5 Nxd6
34. cxd6 Rc5 35. Qe3 b6 36. axb6 axb6 37. Rh4 e5 38. Qd3 Kh8 39. Ra4 Rc8 40.
Rc4 Rxc4 41. Qxc4 Qxh5 42. Qc8+ Kh7 43. Qc6 Ng4 44. Qf3 Qh2+ 45. Kf1 Qh1+ 46.
Ke2 Qh5 47. Ke1 Qg5 48. Na4 Rf7 49. Qg3 Rf4 50. Nc3 Qf5 51. Qd3 e4 52. Qe2 Qc5
53. Nxe4 Qg1+ 54. Kd2 Qd4+ 55. Kc1 Qa1+ 56. Kd2 Qa5+ 57. Kc1 Qa3+ 58. Qb2 Qe3+
59. Qd2 Qxe4 60. d7 Rf8 61. d8=Q Rxd8 62. Qxd8 Qc4+ 63. Kb1 Qxb5+ 64. Kc1 Qc6+
65. Kb1 Nf2 66. Rg1 Qb5+ 67. Kc2 Qc4+ 68. Kd2 Qa2+ 69. Ke1 Qc2 70. Qd2 Nd3+ 71.
Ke2 Nf4+ 72. Ke1 Qb1+ 73. Qd1 Qe4+ 74. Kf1 Qf5 75. Ke1 b5 76. g3 Qc5 77. Kf1
Qc4+ 78. Ke1 Nd3+ 79. Kd2 Nc5 80. Qc2+ Ne4+ 81. Kc1 Qd4 82. Rg2 Qa1+ 83. Qb1
Qa3+ 84. Kd1 Qe3 85. Kc2 Qf3 86. Qh1 Nxg3 87. Qh3 Qe4+ 88. Kb3 Ne2 89. Qg4 Qb1+
90. Ka3 Qa1+ 91. Kb3 Nd4+ 92. Kb4 Qe1+ 93. Kc5 Qe5+ 94. Kb4 Qd6+ 95. Kc3 g6 96.
Qxd4 Qc6+ 97. Kb4 Qxg2 98. Qd7+ Kg8 99. Qe8+ Kg7 100. Qe7+ Kh8 101. Qf8+ Kh7
102. Qf7+ Kh8 103. Qe8+ Kh7 104. Qd7+ Kh8 105. Qe8+ Kh7 106. Qd7+ {½-½ (106)
Saitek Risc 2500 normal (2247)-Saitek Sparc (2254) Zürich 2019}) 22... Rfd8
23. Nc3 {= Die Stellung befindet sich im Gleichgewicht.} Nf6 24. Qe2 b6 {
Interessant ist 24...h5, was die folgende Antwort verhindert und dem Sf6 einen
Vorposten auf g4 sichert.} 25. g4 Qb7 26. g5 Ne8 27. Qe3 {Eher hätte man 27.
gxh6 = erwartet.} h5 28. Bg3 bxc5 29. bxc5 Qb3 {=+ Man hat den Eindruck, dass
Schwarz die Initiative übernommen hat. Doch passiert ist noch immer nichts.}
30. a4 {Etwas vernünftiger ist 30.Se2} Rxd1 {?! Hier hätte 30...Dc4 den
schwarzen Druck erhöht.} 31. Rxd1 Qb4 32. Rd7 Ng6 33. Rxa7 Rxc5 34. Ne2 Ne5
35. Qd4 Rc4 36. Qd8 {Nun könnte Schwarz mit ...Dc5+ nebst ...Dxa7 den weissen
Turm abholen, müsste dafür jedoch die Springer e8 und e5 hergeben.} Ng4+ 37.
Kg2 Qb1 {Einleitung zu einer interessanten Abwicklung ins Remis.} 38. Qxe8+ Kh7
39. g6+ {Auch Dxf7 oder Txf7 führem zum selben Ergebnis, aber der Textzug
stellt noch eine Falle.} fxg6 {! Richtig, denn nach 39...Kh6?? 40.Lf4 würde
Schwarz mattgesetzt.} 40. Qf7 {Droht Matt auf g7, so dass sich Schwarz zum
Remis durch Dauerschach entschliesst, zumal er ja eine Figur weniger hat.} Ne3+
41. Kf2 Ng4+ 42. Kg2 Ne3+ 43. Kf2 Ng4+ 44. Kg2 Ne3+ 1/2-1/2

[Event "SaitekSparc_Risc2500off"]
[Site "Zürich"]
[Date "2019.03.12"]
[Round "3"]
[White "Saitek Sparc"]
[Black "Saitek Risc 2500 offensiv"]
[Result "1/2-1/2"]
[WhiteElo "2254"]
[BlackElo "2247"]
[Annotator "KUT"]
[PlyCount "156"]
[EventDate "2019.??.??"]

1. d4 d5 {Vergleichsmatch 120'/40 der Spiel-Stile des Saitek Risc 2500 gegen
den Saitek Sparc | 3. Partie | offensiv=Remis, normal=Niederlage,
aktiv=Niederlage | Zwischenstand nach 3 Partien: offensiv=1,5 Pkt. (50%),
normal=0,5 Pkt. (16%), aktiv=1,5 Pkt. (50%) | Frühzeitig, im 12. Zug werden
die Damen getauscht und Saitek Sparc verbleibt mit schrecklich anzusehenden
Tripelbauern auf der e-Linie. Doch geschickt windet sich Weiss da heraus und
landet schliesslich in einem gleichstehenden Endspiel. Dieses Endspiel
misshandelt der Saitek Sparc dann allerdings gründlich und der Risc2500off
muss sich seinerseits schämen, viele Gewinnchancen auszulassen und dem Gegner
das Remis zu gestatten. Lehrreich, aber beide Programme zeigen in diesem
Endspiel eine Leistung, die maximal bei 1500 Elo liegt.} 2. c4 dxc4 3. Nf3 Nf6
4. Nc3 {***ENDE BUCH***} c6 5. Ne5 Nbd7 {***ENDE BUCH***} 6. Nxc4 b5 7. Ne5 b4
(7... Nxe5 8. dxe5 Qxd1+ 9. Nxd1 Nd7 10. Bf4 Bb7 11. a4 e6 12. e3 Bb4+ 13. Nc3
bxa4 14. Rxa4 a5 15. Ra2 Nc5 16. Ke2 Rd8 17. Kf3 Nb3 18. Be2 c5+ 19. Kg3 O-O
20. Nb5 Rd2 21. Bc4 Bd5 22. Bxd5 exd5 23. Nd6 c4 24. e4 Rd3+ 25. f3 Bxd6 26.
exd6 dxe4 27. Rf1 Nd4 28. Be5 exf3 29. gxf3 Nf5+ 30. Kf2 Rd2+ 31. Kg1 Rd5 32.
Bc3 Nxd6 33. Rxa5 Nb5 34. Bb4 Rb8 35. Rfa1 Rdd8 36. Be7 Re8 37. Bc5 Rec8 38.
Be3 Rd8 39. Bf4 Rb7 40. R1a4 Nd4 41. Rd5 Ne6 42. Rxd8+ Nxd8 43. Ra8 f6 44.
Rxd8+ Kf7 45. Bc1 Ke6 46. Ra8 g5 47. Kf2 Rb6 48. f4 gxf4 49. Kf3 Kf5 50. Ra5+
Kg6 51. Kxf4 Rb3 52. Ra3 h5 53. Rxb3 cxb3 54. h4 Kg7 55. Kf5 Kf7 56. Bh6 Ke7
57. Bg7 Kd6 58. Bxf6 Kd5 59. Kg5 Ke6 {1-0 (59) Saitek Sparc (2254)-Saitek Risc
2500 normal (2247) Zürich 2019}) 8. Nxd7 Qxd7 9. Na4 e5 10. Be3 Ng4 11. dxe5
Nxe3 12. fxe3 Qxd1+ 13. Rxd1 Be6 14. b3 Rb8 {Abweichung} (14... Be7 15. g3 Bd5
16. Rg1 O-O 17. Bg2 Rfd8 18. Bxd5 Rxd5 19. Rxd5 cxd5 20. Kf2 h5 21. Rd1 Rd8 22.
Rd4 g6 23. h4 Kf8 24. Nb2 Bc5 25. Rd1 Bb6 26. Nd3 d4 27. e4 a5 28. Rc1 Re8 29.
Rc6 Re6 30. Rc4 Ke8 31. Kg2 Re7 32. Rc6 Re6 33. Rc8+ Kd7 34. Rc4 Rc6 35. Rxc6
Kxc6 36. e6 fxe6 37. Ne5+ Kd6 38. Nxg6 e5 39. g4 hxg4 40. h5 d3 41. exd3 Be3
42. Nh4 Ke6 43. Nf5 Bg5 44. Kg3 Bd8 45. Kxg4 Kf6 46. Ne3 Kg7 47. Kf5 Kh6 48.
Ng4+ Kxh5 49. Nxe5 Bb6 50. Nc4 Bd8 51. Ke6 Kg4 52. Kd7 Bg5 53. Nxa5 Kf4 54. Nc6
Bf6 55. Nxb4 Bg7 56. a4 Bf8 57. Nd5+ Kg5 {1-0 (57) Saitek Sparc (2254)-Saitek
Risc 2500 aktiv (2247) Zürich 2019}) 15. g3 Bd5 16. Rg1 Rb5 17. Bh3 g6 18. Rf1
Bg7 {Die weisse Bauernstruktur im Zentrum mit selten anzutreffenden
Tripelbauern ist eine Ruine. Schon droht der e5-Bauer verlorenzugehen. Doch
dem Saitek Sparc gelingt es, sich irgendwie herauszuwinden.} 19. e4 Bxe4 20.
Rd7 O-O 21. e6 f5 22. g4 Bf6 23. gxf5 gxf5 24. Rg1+ Kh8 25. Kf1 Re8 26. Rf7 Bd4
27. Rg5 Be3 {= Die Spiele stehen noch immer gleich.} 28. Rgg7 f4 {?! Einfacher
ist 28...Txe6} 29. Bg2 {? Gibt den Vorteil an Schwarz ab, was nach 29.e7 nicht
passiert wäre.} Bg6 30. Re7 Rh5 {?! Deutlich stärker ist 30...Tbb8 und Weiss
dürfte nun nicht auf c6 nehmen, z.B. 31.Lxc6 Txe7, 32.Txe7 Tc8 -+ und Schwarz
gewinnt im Königsangriff bzw. erobert den Läufer.} 31. h3 Rf8 {?! Den
Vorteil hätte 31...c5 =+ festgehalten.} 32. Rd7 {?! Besser hätte Weiss mit
Sb2 endlich den am Brettrand stehenden Springer in Richtung des Zentrums
aktivieren sollen.} Bf5 33. e7 Re8 {-/+ bis -+ Nun steht Schwarz deutlich
besser.} 34. Rd8 Kxg7 35. Rxe8 Kf7 36. Rg8 Kxe7 {Nun ist 37.Lxc6 verboten
wegen 37...Lxh3+ usw. -+} 37. Rg7+ Kf8 {-+ und Schwarz hat eine gewonnene
Stellung} 38. Rb7 Bxh3 {?? Fast nicht zu glauben, dass der Risc2500off den
stärksten Gewinnzug ...Tg5 nicht findet.} 39. Bxh3 Rxh3 40. Kg2 Rg3+ 41. Kh2
Bd2 {?! Mit der Absicht, den weissen e2-Bauern durch ...Te3 abzuholen. Viel
besser jedoch 41...Lg1} 42. Rd7 Be1 {?! besser ...Lc1} 43. Rxh7 Re3 44. Kg2 Kg8
45. Rxa7 Rxe2+ 46. Kf3 Rxa2 47. Rc7 Rf2+ 48. Ke4 f3 49. Rxc6 Rf1 {Die Partie
ist ins Remis abgedriftet.} 50. Rc8+ {? Endspielexperten stehen bei solchen
Zügen, welche den gegnerischen König in die Freiheit entlassen und aktiv ins
Geschehen eingreifen lassen, die Haare zu Berge. Richtig sind ...Ke3 oder ...
Tf6.} Kf7 51. Rc7+ Kg6 {-+ Der Saitek Sparc hat das Endspiel gründlich
misshandelt und steht nun erneut auf Verlust.} 52. Rc6+ Kh5 {? Vergibt den
Gewinn, der durch 52...Kg5 zu erzielen war. Der Unterschied liegt darin, dass
nun der weisse Springer mit Schachgebot nach f4 kommen kann und ein
Dauerschach möglich mit Turm und Springer möglich wird.} 53. Nc5 Bg3 54. Rc8
{? Rutscht wieder in den Verlust. Weiss hätte den schwarzen König weiterhin
auf der 6. Reihe abschneiden sollen.} f2 55. Kf5 Kh6 56. Ne6 {droht Th8 Matt}
Kh7 {?? Mit ...Le5! gewinnt Schwarz einfach; das Matt ist verhindert und nach
Kxe5 Te1+ verwandelt sich der schwarze Freibauer zur Dame.} 57. Rf8 Be5 58.
Rf7+ Kh6 59. Ng5 {Jetzt, wo auf f7 ein weisser Turm steht, hätte auch Kxe5
zum Remis geführt.} Bg7 60. Ne4 Kh7 61. Rd7 {Weshalb immer kompliziert statt
einfach mit Sf6+ Kh6, Sg4+ usw.} Kg8 62. Rd8+ Kf7 63. Rd7+ Ke8 {Schwarz kann
sich das leisten, weil nach 64.Txg7 Tg1, 65.Sxf2 Txg7 = erzwungen wäre.} 64.
Rb7 Bc3 65. Kf4 Kd8 66. Kf3 Rb1 67. Kxf2 Bd4+ 68. Kf3 Rxb3+ 69. Kf4 Rb2 70. Kf5
Bc3 71. Ke6 Re2 72. Kd5 Rg2 73. Nd6 Ra2 74. Kc6 {Die Lage hat sich
schlussendlich eindeutig zum Remis gewendet. Weiss droht gar Matt mit Td7.}
Ra6+ {erzwungen} 75. Kd5 Ra1 76. Kc6 Ra6+ 77. Kd5 Ra1 78. Kc6 Ra6+ {Remis 3x}
1/2-1/2